| Tag |
First Indicator |
Second Indicator |
Subfields |
| LEADER |
00000cam a2200000Ia 4500 |
| 001 |
in00002311513 |
| 005 |
20190326201230.0 |
| 006 |
m | d | |
| 007 |
cr |n||||||||n |
| 008 |
900629s1794 fr sl f000 0 fre d |
| 040 |
|
|
|a NYG
|c GKS
|d OCL
|d Thomson Gale
|d UtOrBLW
|
| 043 |
|
|
|a e-fr---
|
| 110 |
1 |
|
|a France.
|b Convention nationale.
|b Comité des assignats et monnoies.
|
| 245 |
1 |
0 |
|a Rapport et projet de décret sur l'organisation de l'administration des monnoies, la réduction des ateliers monétaires, la vérification et la délivrance des assignats métalliques, la recette et l'échange des matières d'or et d'argent, la conversion de l'or et de l'argent en lingots, la fonte des galons et la dédorure du cuivre, et les salaires des fonctionnaires des monnoies :
|b présentés au nom du Comité des assignats et monnoies /
|c par Frécine, et par Loysel.
|
| 264 |
|
1 |
|a [Paris] :
|b [publisher not identified],
|c 1794.
|
| 300 |
|
|
|a 31 pages
|
| 336 |
|
|
|a text
|b txt
|2 rdacontent
|
| 337 |
|
|
|a computer
|b c
|2 rdamedia
|
| 338 |
|
|
|a online resource
|b cr
|2 rdacarrier
|
| 500 |
|
|
|a Caption title.
|
| 500 |
|
|
|a "Imprimée par ordre de la Convention nationale, le 4 pluviôse, l'an deux de la République française, une et indivisible"
|
| 500 |
|
|
|a Reproduction of original from Goldsmiths' Library, University of London.
|
| 500 |
|
|
|a Goldsmiths'-Kress number 16065.
|
| 510 |
4 |
|
|a OCLC,
|c 21942067
|
| 533 |
|
|
|a Electronic reproduction.
|b Farmington Hills, Mich. :
|c Thomson Gale,
|d 2005.
|f (The making of the modern world).
|n Available via the World Wide Web.
|n Access limited to licensing agreements.
|7 s2005 miunns
|
| 500 |
|
|
|a Electronic resource.
|
| 650 |
|
0 |
|a Money
|x Law and legislation
|z France.
|
| 650 |
|
0 |
|a Precious metals
|x Law and legislation
|z France.
|
| 650 |
|
0 |
|a Assignats
|x Law and legislation
|z France.
|
| 655 |
|
0 |
|a Electronic books.
|
| 700 |
1 |
|
|a Loisel, Pierre,
|d approximately 1750-1812.
|
| 700 |
1 |
|
|a Frécine, Augustin-Lucie de,
|d 1751-1804.
|
| 830 |
|
0 |
|a Making of the modern world (Goldsmiths'-Kress Library of Economic Literature)
|
| 856 |
4 |
0 |
|u http://proxy.library.tamu.edu/login?url=http://galenet.galegroup.com/servlet/MOME?af=RN&ae=U104231931&srchtp=a&ste=14&locID=txshracd2898
|z Connect to the full text of this electronic book
|t 0
|
| 999 |
|
|
|a MARS
|
| 999 |
f |
f |
|s 58757313-c24f-3b59-8753-42d078faae45
|i 2195c3e0-2199-36b0-bfa3-8c31d43e26c1
|t 0
|
| 952 |
f |
f |
|a Texas A&M University
|b College Station
|c Electronic Resources
|d Available Online
|t 0
|h No information provided
|
| 998 |
f |
f |
|t 0
|l Available Online
|